| 000 | 00402nam a2200145 a 4500 | ||
|---|---|---|---|
| 005 | 20140412111416.0 | ||
| 008 | 070813s19uu xx 00 eng d | ||
| 020 | _a0-439-43398-3 | ||
| 050 |
_aTR(GS 372.61 _bG76 2002 |
||
| 245 | _aScholastic success with grammar: workbook. | ||
| 260 |
_aNew York : _bScholastic, _c2002. |
||
| 300 | _a64 | ||
| 650 |
_aGrammar _xElementary Education |
||
| 999 |
_c105833 _d105833 |
||